Las disoluciones de la primera persona : (Record no. 184408)

MARC details
000 -CABECERA
campo de control de longitud fija 00721nam a2200229 a 4500
005 - FECHA Y HORA DE LA ÚLTIMA TRANSACCIÓN
campo de control 20240924070610.0
008 - ELEMENTOS DE LONGITUD FIJA--INFORMACIÓN GENERAL
campo de control de longitud fija 160815s2012 mx r 000 0 spa d
020 ## - NÚMERO INTERNACIONAL NORMALIZADO PARA LIBROS
Número Internacional Estándar del Libro 9786074016048
035 ## - NÚMERO DE CONTROL DEL SISTEMA
Número de control de sistema UPN01000212308
049 ## - COLECCIÓN
Colección CG
050 #4 - SIGNATURA TOPOGRÁFICA DE LA BIBLIOTECA DEL CONGRESO
Número de clasificación BD236
Número de documento/Ítem O4.2
100 1# - ASIENTO PRINCIPAL--NOMBRE PERSONAL
Nombre de persona Olvera Romero, Caleb
9 (RLIN) 39413
245 14 - MENCIÓN DE TÍTULO
Título Las disoluciones de la primera persona :
Resto del título un análisis hermenéutico de la identidad /
Mención de responsabilidad, etc. Caleb Olvera Romero.
260 ## - PUBLICACIÓN, DISTRIBUCIÓN, ETC.
Lugar de publicación, distribución, etc. México :
Nombre del editor, distribuidor, etc. Promep :
-- Porrúa,
Fecha de publicación, distribución, etc. 2012.
300 ## - DESCRIPCIÓN FÍSICA
Extensión 239 p.
440 #0 - MENCIÓN DE SERIE/ASIENTO SECUNDARIO--TÍTULO
Título Filosofía.
Nombre de parte o sección de la obra Las ciencias sociales
650 #7 - ASIENTO SECUNDARIO DE MATERIA - TERMINO TEMATICO
Término de materia o nombre geográfico como elemento de entrada Identidad (Concepto filosófico)
Fuente del encabezamiento o término
9 (RLIN) 588
650 #4 - ASIENTO SECUNDARIO DE MATERIA - TERMINO TEMATICO
Término de materia o nombre geográfico como elemento de entrada YO, EL (FILOSOFIA)
9 (RLIN) 8267
650 #4 - ASIENTO SECUNDARIO DE MATERIA - TERMINO TEMATICO
Término de materia o nombre geográfico como elemento de entrada Hermenéutica
9 (RLIN) 5799
905 ## - TIPO DE MATERIAL
Tipo de material Libro
Holdings
Estado de retiro Estado de pérdida Fuente del sistema de clasificación o colocación Estado dañado No para préstamo Código de colección Localización permanente Ubicación/localización actual Ubicación en estantería Total de préstamos Clasificación Código de barras Fecha visto por última vez Número de copia Tipo de ítem Koha
    Library of Congress Classification     Colección General Bib. Gregorio Torres Quintero Bib. Gregorio Torres Quintero Planta baja 1 BD236 O4.2 312687 31/12/2020 1 Libro